[Event "CAN-ch"]
[Site "Kingston CAN"]
[Date "2019.04.21"]
[Round "7.16"]
[White "Wiebe, Isaac"]
[Black "Desforges, Jean"]
[Result "1-0"]
[WhiteElo "2053"]
[BlackElo "2235"]
[PlyCount "57"]
[EventDate "2019.04.18"]
[EventType "swiss"]
[EventRounds "9"]
[EventCountry "CAN"]

1. d4 Nf6 2. Bf4 d5 3. e3 e6 4. Nf3 Bd6 5. Nbd2 c5 6. dxc5 Bxc5 7. c4 O-O 8.
Bd3 b6 9. O-O Bb7 10. Qe2 Nc6 11. Rfd1 Qe7 12. cxd5 Nxd5 13. Bg5 f6 14. Bh4
Ndb4 15. Bc4 Na5 16. a3 Nxc4 17. Nxc4 Nd5 18. Bg3 a5 19. e4 Nc7 20. Rab1 Ba6
21. Qc2 Rfd8 22. b4 Rxd1+ 23. Rxd1 axb4 24. axb4 b5 25. Nb2 Bb6 26. Qc6 Rb8 27.
Rd7 Qxb4 28. Nd3 Qc4 29. Qd6 1-0

[Event "CAN-ch"]
[Site "Kingston CAN"]
[Date "2019.04.21"]
[Round "7.17"]
[White "Demchenko, Svitlana"]
[Black "Zhong, Kevin"]
[Result "1-0"]
[WhiteElo "2135"]
[BlackElo "1987"]
[PlyCount "103"]
[EventDate "2019.04.18"]
[EventType "swiss"]
[EventRounds "9"]
[EventCountry "CAN"]

1. e4 c5 2. Nf3 Nc6 3. d4 cxd4 4. Nxd4 Nf6 5. Nc3 d6 6. Bg5 e6 7. Qd2 a6 8. f3
Bd7 9. O-O-O Be7 10. h4 h6 11. Be3 h5 12. Bg5 Ne5 13. f4 Neg4 14. Qe1 Qc7 15.
Be2 Bc6 16. Bf3 Rc8 17. Qe2 Bd7 18. Bxg4 Nxg4 19. Bxe7 Kxe7 20. Nf5+ Kf8 21.
Nxd6 Rd8 22. e5 g6 23. Rd2 Kg7 24. Rhd1 Bc6 25. Kb1 Rd7 26. Nce4 Bxe4 27. Qxe4
Kh7 28. Qe2 b5 29. Rd3 Rhd8 30. Nxf7 Rxd3 31. Ng5+ Kh6 32. Rxd3 Rxd3 33. Qxd3
Qa7 34. a4 Qg1+ 35. Ka2 Qxg2 36. Qd8 Qd5+ 37. Qxd5 exd5 38. axb5 axb5 39. Kb3
Ne3 40. Kb4 Kg7 41. Kxb5 Ng2 42. Kc5 Nxf4 43. Kd6 Ng2 44. e6 Nxh4 45. e7 Nf5+
46. Kd7 Nxe7 47. Kxe7 h4 48. b4 Kh6 49. Kf6 Kh5 50. b5 Kg4 51. b6 h3 52. Nxh3
1-0

[Event "CAN-ch"]
[Site "Kingston CAN"]
[Date "2019.04.22"]
[Round "8.1"]
[White "Plotkin, Mark"]
[Black "Bareev, Evgeny"]
[Result "0-1"]
[WhiteElo "2326"]
[BlackElo "2642"]
[PlyCount "148"]
[EventDate "2019.04.18"]
[EventType "swiss"]
[EventRounds "9"]
[EventCountry "CAN"]

1. c4 e5 2. Nc3 Nf6 3. g3 Bb4 4. Bg2 O-O 5. e4 Bxc3 6. bxc3 c6 7. Ne2 d5 8.
exd5 cxd5 9. cxd5 Nxd5 10. O-O Nc6 11. Rb1 Re8 12. Qc2 Nb6 13. Rd1 Bg4 14. d4
exd4 15. f3 Bh5 16. Nf4 Bg6 17. Nxg6 hxg6 18. f4 Qf6 19. Bb2 Nc4 20. cxd4 N6a5
21. d5 Nxb2 22. Qxb2 Rad8 23. Qxf6 gxf6 24. f5 Re7 25. Rd4 Kg7 26. Rc1 gxf5 27.
Kf2 b5 28. Rb4 a6 29. a4 Nc4 30. axb5 Ne5 31. Rd1 Rb7 32. b6 Rd6 33. Ke3 Rdxb6
34. Rxb6 Rxb6 35. Bf1 Kf8 36. Kd4 Ke7 37. Ra1 Kd6 38. Bxa6 Nf3+ 39. Kc4 Nxh2
40. Bc8 Ng4 41. Re1 Ne5+ 42. Kc3 Rb5 43. Bxf5 Rc5+ 44. Kb3 Rxd5 45. Rf1 Rd2 46.
Rf4 Rg2 47. g4 Rg3+ 48. Kb4 Nc6+ 49. Kc4 Ra3 50. Bc2 Ke6 51. Bf5+ Ke5 52. Rf1
Re3 53. Bd7 Nd4 54. Bf5 Nf3 55. Rd1 Kf4 56. Kd5 Re8 57. Ra1 Rd8+ 58. Kc6 Ne5+
59. Kc7 Rd4 60. Ra6 Nxg4 61. Bd7 f5 62. Ra1 Ne3 63. Kd8 Re4 64. Rg1 f6 65. Bc6
Rc4 66. Bb5 Rb4 67. Bc6 Ke5 68. Kd7 f4 69. Ra1 Rd4+ 70. Ke7 Nd5+ 71. Kf7 f3 72.
Re1+ Kf4 73. Bb5 f5 74. Kg6 Nc3 0-1

[Event "CAN-ch"]
[Site "Kingston CAN"]
[Date "2019.04.22"]
[Round "8.2"]
[White "Noritsyn, Nikolay"]
[Black "Hambleton, Aman"]
[Result "0-1"]
[WhiteElo "2489"]
[BlackElo "2484"]
[PlyCount "80"]
[EventDate "2019.04.18"]
[EventType "swiss"]
[EventRounds "9"]
[EventCountry "CAN"]

1. c4 e5 2. Nc3 Bb4 3. e4 Nf6 4. g3 O-O 5. Nge2 d6 6. Bg2 Bg4 7. h3 Bxe2 8.
Nxe2 Bc5 9. d4 Bb6 10. O-O Nc6 11. d5 Nd4 12. Nc3 c6 13. Kh2 cxd5 14. exd5 Rc8
15. f4 Nd7 16. b3 a6 17. fxe5 dxe5 18. Ba3 Bc5 19. Bb2 f5 20. a3 Bd6 21. Na2
Qg5 22. Bc1 f4 23. g4 Qh4 24. Qe1 Qxe1 25. Rxe1 Nc2 26. Bb2 Nxa1 27. Bxa1 f3
28. Bf1 e4+ 29. Kh1 Rce8 30. Bd4 Bg3 31. Re3 Bf2 32. Rxe4 Bxd4 33. Rxd4 Re3 34.
b4 Ne5 35. d6 f2 36. Kg2 Nf3 37. Rd1 Nh4+ 38. Kh2 Nf3+ 39. Kh1 Re1 40. Nc3 Nd2
0-1

[Event "CAN-ch"]
[Site "Kingston CAN"]
[Date "2019.04.22"]
[Round "8.4"]
[White "Dukic, Zachary"]
[Black "Yang, Kaiqi"]
[Result "1-0"]
[WhiteElo "2167"]
[BlackElo "2505"]
[PlyCount "79"]
[EventDate "2019.04.18"]
[EventType "swiss"]
[EventRounds "9"]
[EventCountry "CAN"]

1. e4 e5 2. Nf3 Nc6 3. Bb5 g6 4. d4 exd4 5. Bg5 Be7 6. Bxe7 Qxe7 7. O-O Nf6 8.
Re1 a6 9. e5 Nh5 10. Bc4 O-O 11. Nbd2 d6 12. exd6 Qxd6 13. Ne4 Qd8 14. Qd2 Bg4
15. Qh6 Bxf3 16. Ng5 Nf6 17. Nxf3 Qd6 18. Ng5 Ne5 19. Bb3 Neg4 20. Qh4 h5 21.
Rad1 c5 22. f3 Ne5 23. Qg3 Nfd7 24. f4 Ng4 25. h3 Nh6 26. Nxf7 Rxf7 27. Re6
Qxf4 28. Re8+ Kg7 29. Qxf4 Rxf4 30. Rxa8 Nf5 31. Ra7 Ne3 32. Re1 Nf6 33. Rxb7+
Kh6 34. Rc7 Ne4 35. Rf7 Kg5 36. Kh2 c4 37. Rxf4 Kxf4 38. Rxe3 dxe3 39. Bxc4 a5
40. Kg1 1-0

[Event "CAN-ch"]
[Site "Kingston CAN"]
[Date "2019.04.22"]
[Round "8.6"]
[White "Tremblay, Rejean"]
[Black "Noritsyn, Sergey"]
[Result "1/2-1/2"]
[WhiteElo "2146"]
[BlackElo "2159"]
[PlyCount "69"]
[EventDate "2019.04.18"]
[EventType "swiss"]
[EventRounds "9"]
[EventCountry "CAN"]

1. d4 d5 2. Nf3 Nf6 3. c4 c6 4. Nc3 e6 5. Bg5 dxc4 6. e4 b5 7. e5 h6 8. Bh4 g5
9. Nxg5 hxg5 10. Bxg5 Nbd7 11. exf6 Bb7 12. g3 Qb6 13. Bg2 O-O-O 14. O-O Ne5
15. Be3 c5 16. dxe5 Rxd1 17. Rfxd1 Bxg2 18. Kxg2 Qb7+ 19. f3 b4 20. Ne4 c3 21.
bxc3 bxc3 22. Rdb1 Qa6 23. Nxc3 Qd3 24. Nd1 Qe2+ 25. Bf2 Qxe5 26. Rc1 Qxf6 27.
Bxc5 Bxc5 28. Rxc5+ Kd7 29. Rac1 Rd8 30. Nf2 Ke8 31. R1c2 Kf8 32. Rc8 Kg7 33.
Rxd8 Qxd8 34. h3 a5 35. Re2 1/2-1/2

[Event "CAN-ch"]
[Site "Kingston CAN"]
[Date "2019.04.22"]
[Round "8.7"]
[White "Doknjas, Joshua"]
[Black "Zhou, Qiyu"]
[Result "1/2-1/2"]
[WhiteElo "2203"]
[BlackElo "2246"]
[PlyCount "98"]
[EventDate "2019.04.18"]
[EventType "swiss"]
[EventRounds "9"]
[EventCountry "CAN"]

1. d4 Nf6 2. c4 e6 3. Nf3 d5 4. Nc3 Be7 5. Bf4 O-O 6. e3 Nh5 7. Be5 c6 8. Bd3
Nd7 9. Qc2 g6 10. h4 Nxe5 11. dxe5 dxc4 12. Bxc4 b5 13. Bd3 Qa5 14. O-O Bb7 15.
Be4 Ng7 16. a3 Qb6 17. Rfd1 Rfd8 18. Rxd8+ Rxd8 19. Rd1 a6 20. g3 Ne8 21. Rxd8
Qxd8 22. h5 Nc7 23. Nd4 Qe8 24. hxg6 hxg6 25. Nb3 Nd5 26. Ne2 Qb8 27. Na5 c5
28. Nxb7 Qxb7 29. Nf4 g5 30. Nh5 Qd7 31. Qd1 Kf8 32. Qf3 c4 33. g4 c3 34. bxc3
Nxc3 35. Bc2 Qd5 36. e4 Qxe5 37. Qd3 Qd4 38. Qf3 Ke8 39. e5 Qxe5 40. Qc6+ Kd8
41. Qa8+ Kd7 42. Qxa6 Qc7 43. Bd3 Qc6 44. Qa7+ Kd8 45. Ng3 Qc7 46. Qa8+ Qc8 47.
Qa5+ Qc7 48. Qa8+ Qc8 49. Qa5+ Qc7 1/2-1/2

[Event "CAN-ch"]
[Site "Kingston CAN"]
[Date "2019.04.22"]
[Round "8.8"]
[White "Hua, Eugene"]
[Black "Li, William"]
[Result "0-1"]
[WhiteElo "2329"]
[BlackElo "2096"]
[PlyCount "114"]
[EventDate "2019.04.18"]
[EventType "swiss"]
[EventRounds "9"]
[EventCountry "CAN"]

1. d4 Nf6 2. Bf4 b6 3. e3 Bb7 4. Nf3 g6 5. Bd3 Bg7 6. Nbd2 O-O 7. h3 d6 8. O-O
Nbd7 9. e4 e5 10. dxe5 dxe5 11. Bg5 h6 12. Bxf6 Bxf6 13. Qe2 Nc5 14. Bc4 Qe7
15. Qe3 Kg7 16. b4 Ne6 17. Bd5 Bxd5 18. exd5 Nd4 19. Nxd4 exd4 20. Qb3 a5 21.
bxa5 Rxa5 22. d6 Qe2 23. Rad1 cxd6 24. Rfe1 Qa6 25. Nc4 Rb5 26. Qd3 Rd5 27. Rb1
b5 28. Ne3 Rc5 29. Ng4 Qa4 30. Qd2 Bg5 31. Qd3 Rc3 32. Qd1 h5 33. Nh2 Bf6 34.
Rb3 Rfc8 35. g4 Qxa2 36. Rxc3 Rxc3 37. Re2 d3 38. cxd3 Rc1 39. Rxa2 Rxd1+ 40.
Kg2 Rxd3 41. Nf3 hxg4 42. hxg4 b4 43. Rd2 Ra3 44. g5 Bc3 45. Rd3 Ra1 46. Nd4
Ra5 47. Nf3 Rc5 48. Rxd6 b3 49. Nd2 b2 50. Nb1 Be5 51. Rb6 Rc1 52. Na3 Kh7 53.
Rb3 Bg7 54. Rh3+ Kg8 55. Rh1 Bc3 56. Nb1 Be1 57. Na3 Ra1 0-1

[Event "CAN-ch"]
[Site "Kingston CAN"]
[Date "2019.04.22"]
[Round "8.9"]
[White "Yao, Houji"]
[Black "Plotkin, Victor"]
[Result "1/2-1/2"]
[WhiteElo "2018"]
[BlackElo "2304"]
[PlyCount "139"]
[EventDate "2019.04.18"]
[EventType "swiss"]
[EventRounds "9"]
[EventCountry "CAN"]

1. e4 e5 2. Nf3 Nf6 3. d4 Nxe4 4. dxe5 d5 5. Nbd2 Nc6 6. Bb5 Nxd2 7. Qxd2 Be7
8. Qf4 O-O 9. c3 f6 10. Bxc6 bxc6 11. Qa4 c5 12. O-O fxe5 13. Nxe5 Bd6 14. Re1
Bf5 15. Nf3 h6 16. Be3 Bd7 17. Qh4 Qxh4 18. Nxh4 Rac8 19. b3 a5 20. Rad1 c6 21.
Bc1 Ra8 22. Ng6 Rfe8 23. Be3 a4 24. Nf4 axb3 25. axb3 Be5 26. Ne2 Ra5 27. b4
cxb4 28. cxb4 Rb5 29. Bc5 Kf7 30. Kf1 Bxh2 31. Nd4 Rbb8 32. Rxe8 Rxe8 33. Ra1
Bb8 34. Ra6 Rc8 35. Ke2 Ke8 36. Kd3 Be5 37. Ra2 Bf6 38. Re2+ Kf7 39. Ra2 h5 40.
Ra7 Ke8 41. Bd6 h4 42. f3 Bd8 43. Ra2 Bf6 44. Ra7 h3 45. gxh3 Bxh3 46. Ke3 Bd7
47. Kd3 g6 48. Ra2 Bf5+ 49. Ke3 Kd7 50. Bc5 Re8+ 51. Kf4 Bxd4 52. Ra7+ Ke6 53.
Bxd4 Rb8 54. Kg5 Rb5 55. Ra4 Kd6 56. Kf6 Bc2 57. Be5+ Kd7 58. Ra7+ Kd8 59. Ra8+
Kd7 60. Ra7+ Kd8 61. Ke6 Bf5+ 62. Kd6 Ke8 63. Kxc6 Rxb4 64. Kxd5 Rb5+ 65. Kd6
Rb6+ 66. Kd5 Rb5+ 67. Kd4 Rb4+ 68. Kc5 Rb3 69. f4 Rd3 70. Rg7 1/2-1/2

[Event "CAN-ch"]
[Site "Kingston CAN"]
[Date "2019.04.22"]
[Round "8.10"]
[White "Rodrigue-Lemieux, Shawn"]
[Black "Rusonik, Max"]
[Result "1/2-1/2"]
[WhiteElo "2282"]
[BlackElo "1900"]
[PlyCount "140"]
[EventDate "2019.04.18"]
[EventType "swiss"]
[EventRounds "9"]
[EventCountry "CAN"]

1. a3 f5 2. d3 Nf6 3. g3 e5 4. Bg2 d6 5. c4 g6 6. Nc3 c6 7. e4 Bg7 8. Nge2 fxe4
9. dxe4 Be6 10. b3 Na6 11. O-O Nc7 12. h3 Qd7 13. Kh2 O-O-O 14. Qc2 Kb8 15. Rd1
Qf7 16. f4 h5 17. fxe5 dxe5 18. Bg5 Rxd1 19. Rxd1 Bh6 20. Qd2 Qg7 21. Bxh6 Qxh6
22. Qxh6 Rxh6 23. Na4 b6 24. Nb2 Rh7 25. Nd3 Nd7 26. Ng1 Re7 27. Nf3 Bf7 28.
Nb4 Kb7 29. Rd6 Nb8 30. h4 a5 31. Na2 Ne8 32. Rd2 a4 33. bxa4 Bxc4 34. Nb4 Nf6
35. Rd8 Ng4+ 36. Kg1 Rd7 37. Rxd7+ Nxd7 38. Nd2 Be2 39. Na2 Kc7 40. Nc3 Bd3 41.
Bh3 Ndf6 42. Bf1 Bc2 43. Bc4 Kd6 44. Bf7 Kc5 45. Kf1 Bd3+ 46. Ke1 Kd4 47. Ne2+
Ke3 48. Nc3 Kd4 49. Ne2+ Ke3 50. Nc3 Nf2 51. Bxg6 N2xe4 52. Ncxe4 Bxe4 53. Bxe4
Nxe4 54. Nc4+ Kf3 55. Nxb6 Nc5 56. Nc4 e4 57. Ne5+ Kxg3 58. Nxc6 Nxa4 59. Ke2
Kxh4 60. Ke3 Kg3 61. Ne7 Nc5 62. a4 Kg4 63. Ng6 Nxa4 64. Kxe4 Nc5+ 65. Ke3 Ne6
66. Kf2 Kg5 67. Ne5 Kh4 68. Kg2 Nd4 69. Nf3+ Nxf3 70. Kxf3 Kh3 1/2-1/2

[Event "CAN-ch"]
[Site "Kingston CAN"]
[Date "2019.04.22"]
[Round "8.11"]
[White "Masse, Hugues"]
[Black "Tanaka, Tyler"]
[Result "1-0"]
[WhiteElo "2163"]
[BlackElo "2067"]
[PlyCount "73"]
[EventDate "2019.04.18"]
[EventType "swiss"]
[EventRounds "9"]
[EventCountry "CAN"]

1. e4 c5 2. Nf3 d6 3. d4 Nf6 4. Nc3 cxd4 5. Nxd4 g6 6. Be3 Bg7 7. f3 Nc6 8. Qd2
O-O 9. O-O-O Nxd4 10. Bxd4 Qa5 11. Kb1 Rd8 12. h4 Be6 13. h5 Nxh5 14. Bxg7 Kxg7
15. g4 Nf6 16. Qh6+ Kg8 17. Nd5 Bxd5 18. exd5 e5 19. dxe6 fxe6 20. g5 Nh5 21.
Rxh5 gxh5 22. Qxe6+ Kf8 23. Bc4 d5 24. Rxd5 Rxd5 25. Bxd5 Qc7 26. Qg8+ Ke7 27.
Qxa8 Kd6 28. Bxb7 Qe7 29. Qb8+ Ke6 30. Qc8+ Ke5 31. Be4 Kf4 32. Qf5+ Kg3 33.
Qxh7 Qc5 34. a3 Qxg5 35. Qg6 Qxg6 36. Bxg6 h4 37. Bf5 1-0

[Event "CAN-ch"]
[Site "Kingston CAN"]
[Date "2019.04.22"]
[Round "8.12"]
[White "Chen, Richard"]
[Black "Saha, Ananda"]
[Result "1-0"]
[WhiteElo "2317"]
[BlackElo "2073"]
[PlyCount "77"]
[EventDate "2019.04.18"]
[EventType "swiss"]
[EventRounds "9"]
[EventCountry "CAN"]

1. e4 c5 2. Nf3 d6 3. d4 cxd4 4. Qxd4 a6 5. Be2 Nc6 6. Qe3 Nf6 7. O-O g6 8. h3
Qc7 9. c4 Bg7 10. Nc3 O-O 11. Rb1 Bd7 12. b3 Rab8 13. Bb2 Rfc8 14. Rfc1 Qd8 15.
Rd1 Qf8 16. Bf1 Nd8 17. a4 Ne6 18. e5 Bh6 19. Qe1 dxe5 20. Nxe5 Be8 21. Ba3 Bg5
22. g3 Nh5 23. Nd5 b6 24. h4 Bf6 25. g4 Qg7 26. Nd3 Bxh4 27. gxh5 gxh5+ 28. Bg2
Bc6 29. Kh1 Bxd5 30. cxd5 Nd4 31. Bb2 Bf6 32. Qe4 Qg4 33. Nf4 Qh4+ 34. Bh3 Qxf2
35. Bxd4 Bxd4 36. Qxd4 Qf3+ 37. Bg2 Qg4 38. Nh3 Qg3 39. Rg1 1-0

[Event "CAN-ch"]
[Site "Kingston CAN"]
[Date "2019.04.22"]
[Round "8.14"]
[White "Chen, Max"]
[Black "Demchenko, Svitlana"]
[Result "1/2-1/2"]
[WhiteElo "2070"]
[BlackElo "2135"]
[PlyCount "109"]
[EventDate "2019.04.18"]
[EventType "swiss"]
[EventRounds "9"]
[EventCountry "CAN"]

1. e4 g6 2. d4 Bg7 3. Nc3 d6 4. Bc4 e6 5. Nf3 a6 6. a4 b6 7. O-O Bb7 8. Re1 Nd7
9. Bg5 Ne7 10. Qd2 O-O 11. Bh6 Nf6 12. Bxg7 Kxg7 13. Qf4 d5 14. exd5 Nexd5 15.
Nxd5 Bxd5 16. Bxd5 Nxd5 17. Qg3 c5 18. dxc5 bxc5 19. Ng5 Qc7 20. Qxc7 Nxc7 21.
Re5 Nd5 22. c4 Nf4 23. Rxc5 h6 24. Ne4 Nd3 25. Rc7 Nxb2 26. Nd6 Rab8 27. g3 Nd3
28. Rd1 Ne5 29. Ra7 Rb2 30. Rxa6 Rc2 31. Ra7 Rb8 32. Ra5 Ng4 33. Rb5 Ra8 34.
Rb7 Ne5 35. Rb5 Nxc4 36. Rc5 Rxa4 37. Rc7 Nb2 38. Rxf7+ Kg8 39. Re1 Rd4 40. Rd7
Rd1 41. Rd8+ Kh7 42. Rxd1 Nxd1 43. Ne4 Nc3 44. Rd7+ Kg8 45. Nxc3 Rxc3 46. Re7
Rc6 47. Kg2 Kf8 48. Rh7 h5 49. h4 Rc3 50. Rb7 Rd3 51. Kf1 Rd2 52. Kg2 Rd3 53.
Kf1 Rd2 54. Kg2 Rd3 55. Kf1 1/2-1/2

[Event "CAN-ch"]
[Site "Kingston CAN"]
[Date "2019.04.22"]
[Round "8.15"]
[White "Kang, Dorian"]
[Black "Wiebe, Isaac"]
[Result "0-1"]
[WhiteElo "2035"]
[BlackElo "2053"]
[PlyCount "100"]
[EventDate "2019.04.18"]
[EventType "swiss"]
[EventRounds "9"]
[EventCountry "CAN"]

1. e4 e6 2. d4 d5 3. Nc3 Bb4 4. Nge2 Nc6 5. a3 Ba5 6. b4 Bb6 7. Bb2 Nge7 8. g3
e5 9. Bg2 Nxd4 10. Nxd4 exd4 11. Nxd5 Nxd5 12. exd5 Qe7+ 13. Qe2 Qxe2+ 14. Kxe2
Bg4+ 15. Kd3 Bf5+ 16. Be4 Bxe4+ 17. Kxe4 O-O-O 18. Rad1 Rhe8+ 19. Kf3 Rxd5 20.
c4 Rf5+ 21. Kg4 Rxf2 22. Bc1 c5 23. Rhf1 Re4+ 24. Kh3 Ree2 25. Rxf2 Rxf2 26.
Bf4 Rc2 27. Bd6 cxb4 28. axb4 Rxc4 29. Rd3 Kd7 30. Bf8 g6 31. Kg4 Bd8 32. Bc5
b6 33. Rxd4+ Rxd4+ 34. Bxd4 Kc6 35. Be5 Kd5 36. Bf4 Be7 37. b5 f5+ 38. Kf3 Kc4
39. g4 fxg4+ 40. Kxg4 Kxb5 41. h4 h5+ 42. Kg3 Kc6 43. Be5 Kd5 44. Bc3 b5 45.
Be1 b4 46. Kf3 a5 47. Ke3 a4 48. Kd3 a3 49. Kc2 Kc4 50. Kb1 Kb3 0-1

[Event "CAN-ch"]
[Site "Kingston CAN"]
[Date "2019.04.22"]
[Round "8.16"]
[White "Desforges, Jean"]
[Black "Gordon, David"]
[Result "0-1"]
[WhiteElo "2235"]
[BlackElo "2185"]
[PlyCount "98"]
[EventDate "2019.04.18"]
[EventType "swiss"]
[EventRounds "9"]
[EventCountry "CAN"]

1. d4 Nf6 2. c4 c5 3. Nf3 e6 4. g3 b6 5. Bg2 Bb7 6. O-O cxd4 7. Nxd4 Bxg2 8.
Kxg2 Qc8 9. Nc3 Bb4 10. Ndb5 Qc6+ 11. f3 a6 12. Nd4 Qxc4 13. Bf4 Bxc3 14. Rc1
Nd5 15. e4 Nxf4+ 16. gxf4 O-O 17. Rxc3 Qxa2 18. Qc2 Qa5 19. Rc1 Qb4 20. Rc4 Qe7
21. Rc8 Nc6 22. Nxc6 dxc6 23. Rxa8 Rxa8 24. Qxc6 Rb8 25. e5 g5 26. Kf2 gxf4 27.
Rg1+ Kh8 28. Rg4 Qc5+ 29. Qxc5 bxc5 30. Rxf4 Rxb2+ 31. Ke3 Kg7 32. Rg4+ Kf8 33.
Ra4 Rb3+ 34. Ke2 Rb6 35. Kd3 Kg7 36. Rg4+ Kh6 37. Rh4+ Kg6 38. Rg4+ Kf5 39. Rg7
Rb7 40. Rxh7 Kxe5 41. Rh4 Rb3+ 42. Ke2 f5 43. Ra4 Rb2+ 44. Kd3 Rxh2 45. Rxa6
Rf2 46. Ke3 Rb2 47. Ra5 f4+ 48. Kd3 Rb3+ 49. Ke2 Kd4 0-1

[Event "CAN-ch"]
[Site "Kingston CAN"]
[Date "2019.04.22"]
[Round "8.17"]
[White "Zhong, Kevin"]
[Black "Javidfard, Amirsalar"]
[Result "1-0"]
[WhiteElo "1987"]
[BlackElo "2024"]
[PlyCount "53"]
[EventDate "2019.04.18"]
[EventType "swiss"]
[EventRounds "9"]
[EventCountry "CAN"]

1. e4 c5 2. Ne2 Nc6 3. Nbc3 g6 4. g3 Bg7 5. Bg2 e6 6. O-O Nge7 7. d3 O-O 8. Be3
Nd4 9. Qd2 d5 10. Nf4 dxe4 11. Nxe4 Qc7 12. c3 Rd8 13. Nxg6 hxg6 14. cxd4 Rxd4
15. Bxd4 Bxd4 16. Rac1 Qe5 17. Rfe1 Qf5 18. b4 cxb4 19. Qxb4 Bf6 20. Nxf6+ Qxf6
21. Rc7 Nf5 22. Rec1 Qd8 23. Bxb7 Bxb7 24. Qxb7 Nd6 25. Qc6 Qf8 26. Qa6 Nf5 27.
Rc8 1-0

[Event "CAN-ch"]
[Site "Kingston CAN"]
[Date "2019.04.22"]
[Round "9.1"]
[White "Hambleton, Aman"]
[Black "Bareev, Evgeny"]
[Result "1/2-1/2"]
[WhiteElo "2484"]
[BlackElo "2642"]
[PlyCount "55"]
[EventDate "2019.04.18"]
[EventType "swiss"]
[EventRounds "9"]
[EventCountry "CAN"]

1. c4 e5 2. g3 Nf6 3. Nc3 Bc5 4. Bg2 Nc6 5. Nf3 d6 6. e3 O-O 7. O-O a6 8. d4
Ba7 9. h3 h6 10. dxe5 Nxe5 11. Nxe5 dxe5 12. Qxd8 Rxd8 13. b3 c6 14. Ba3 Be6
15. Rfd1 Rac8 16. Be7 Rxd1+ 17. Rxd1 Ne8 18. Na4 Rc7 19. Bc5 Bxc5 20. Nxc5 Bc8
21. f4 exf4 22. exf4 Kf8 23. Kf2 h5 24. b4 Ke7 25. Re1+ Kf8 26. Rd1 Ke7 27.
Re1+ Kf8 28. Rd1 1/2-1/2

[Event "CAN-ch"]
[Site "Kingston CAN"]
[Date "2019.04.22"]
[Round "9.2"]
[White "Thavandiran, Shiyam"]
[Black "Noritsyn, Nikolay"]
[Result "0-1"]
[WhiteElo "2412"]
[BlackElo "2489"]
[PlyCount "84"]
[EventDate "2019.04.18"]
[EventType "swiss"]
[EventRounds "9"]
[EventCountry "CAN"]

1. e4 c5 2. Nf3 d6 3. d4 cxd4 4. Nxd4 Nf6 5. Nc3 a6 6. a4 Nc6 7. Be2 e5 8. Nb3
Be6 9. Bg5 Nb4 10. O-O Rc8 11. Bf3 Be7 12. a5 Qd7 13. Qd2 h6 14. Bxf6 gxf6 15.
Rfe1 f5 16. exf5 Bxf5 17. Be4 Rg8 18. g3 Rc4 19. Qe2 Be6 20. Rad1 Qc8 21. Nd2
Rd4 22. Nb3 Bg4 23. Rxd4 Bxe2 24. Rxb4 d5 25. Rb6 dxe4 26. Rxe2 f5 27. Rxh6 Kf7
28. Nd5 Bg5 29. Nb6 Qd8 30. Rh7+ Rg7 31. Rxg7+ Kxg7 32. Re1 Be7 33. Nc4 Bb4 34.
c3 Qd5 35. Ncd2 Be7 36. Re2 Bg5 37. h4 Bh6 38. Kf1 Bxd2 39. Nxd2 Qxa5 40. Nc4
Qd5 41. Ne3 Qd7 42. g4 f4 0-1

[Event "CAN-ch"]
[Site "Kingston CAN"]
[Date "2019.04.22"]
[Round "9.5"]
[White "Yang, Kaiqi"]
[Black "Masse, Hugues"]
[Result "1-0"]
[WhiteElo "2505"]
[BlackElo "2163"]
[PlyCount "59"]
[EventDate "2019.04.18"]
[EventType "swiss"]
[EventRounds "9"]
[EventCountry "CAN"]

1. c4 e5 2. Nc3 Nf6 3. Nf3 Nc6 4. e3 Bb4 5. Qc2 Bxc3 6. bxc3 e4 7. Ng5 Qe7 8.
f3 exf3 9. Nxf3 O-O 10. Be2 d6 11. O-O Bg4 12. Rb1 b6 13. d3 Ne5 14. Nd4 Bxe2
15. Qxe2 g6 16. e4 Ne8 17. Nc2 Ng7 18. Nb4 Qd8 19. d4 Nd7 20. Bh6 a5 21. Nc6
Qe8 22. Qf3 f6 23. e5 dxe5 24. Qd5+ Kh8 25. Rbe1 Rc8 26. Rf3 Nb8 27. Nxb8 Rxb8
28. dxe5 Rd8 29. Bxg7+ Kxg7 30. exf6+ 1-0

[Event "CAN-ch"]
[Site "Kingston CAN"]
[Date "2019.04.22"]
[Round "9.6"]
[White "Findlay, Ian"]
[Black "Tremblay, Rejean"]
[Result "1/2-1/2"]
[WhiteElo "2233"]
[BlackElo "2146"]
[PlyCount "48"]
[EventDate "2019.04.18"]
[EventType "swiss"]
[EventRounds "9"]
[EventCountry "CAN"]

1. e4 c5 2. Nf3 d6 3. d4 cxd4 4. Nxd4 Nf6 5. Nc3 a6 6. h3 g6 7. Be3 Bg7 8. Qd2
Nc6 9. O-O-O Bd7 10. g4 h6 11. f4 Rc8 12. Nxc6 Bxc6 13. Bg2 Qa5 14. Kb1 O-O 15.
Nd5 Nxd5 16. exd5 Qxd2 17. Rxd2 Bd7 18. Re1 Rfe8 19. Rd3 f5 20. Bf3 Kf7 21. Bd2
fxg4 22. hxg4 Bb5 23. Rde3 Bd7 24. Rd3 Bb5 1/2-1/2

[Event "CAN-ch"]
[Site "Kingston CAN"]
[Date "2019.04.22"]
[Round "9.7"]
[White "Li, William"]
[Black "Doknjas, Joshua"]
[Result "0-1"]
[WhiteElo "2096"]
[BlackElo "2203"]
[PlyCount "78"]
[EventDate "2019.04.18"]
[EventType "swiss"]
[EventRounds "9"]
[EventCountry "CAN"]

1. e4 c5 2. Nf3 d6 3. Bb5+ Nd7 4. a4 Ngf6 5. Nc3 a6 6. Be2 b6 7. d4 cxd4 8.
Qxd4 e5 9. Qe3 Be7 10. O-O Bb7 11. Rd1 O-O 12. Nd2 Qc7 13. b3 d5 14. exd5 Bb4
15. Nde4 Nxe4 16. Nxe4 f5 17. Bc4 Kh8 18. Ng5 Qd6 19. Ne6 Rf6 20. Bb2 Rg6 21.
Qd3 Rxg2+ 22. Kxg2 Qxe6 23. f4 exf4 24. Qf3 Qh6 25. Kh1 Re8 26. Rf1 Re4 27.
Rad1 Nf6 28. Bc1 Bd6 29. Rfe1 Qh4 30. Rg1 Bc5 31. Rg2 Ng4 32. Bxf4 Re1+ 33.
Rxe1 Qxe1+ 34. Qf1 Qe4 35. Bg3 Ne3 36. Qe2 b5 37. axb5 axb5 38. Bxb5 Bxd5 39.
h3 f4 0-1

[Event "CAN-ch"]
[Site "Kingston CAN"]
[Date "2019.04.22"]
[Round "9.9"]
[White "Plotkin, Victor"]
[Black "Chen, Richard"]
[Result "1/2-1/2"]
[WhiteElo "2304"]
[BlackElo "2317"]
[PlyCount "49"]
[EventDate "2019.04.18"]
[EventType "swiss"]
[EventRounds "9"]
[EventCountry "CAN"]

1. e4 c5 2. c3 Nf6 3. e5 Nd5 4. d4 cxd4 5. Nf3 e6 6. cxd4 d6 7. Nc3 Nxc3 8.
bxc3 Qc7 9. Bd2 Nd7 10. exd6 Bxd6 11. Bd3 b6 12. O-O Bb7 13. c4 O-O 14. h3 Bf4
15. Be3 Rfd8 16. Qe2 Rac8 17. Rac1 Qb8 18. Rfd1 h6 19. Bb1 Nf6 20. Bxf4 Qxf4
21. Qe3 Qd6 22. Ne5 Rc7 23. Rc3 Rdc8 24. Rdc1 Ba8 25. a3 1/2-1/2

[Event "CAN-ch"]
[Site "Kingston CAN"]
[Date "2019.04.22"]
[Round "9.10"]
[White "Zhou, Qiyu"]
[Black "Rodrigue-Lemieux, Shawn"]
[Result "0-1"]
[WhiteElo "2246"]
[BlackElo "2282"]
[PlyCount "82"]
[EventDate "2019.04.18"]
[EventType "swiss"]
[EventRounds "9"]
[EventCountry "CAN"]

1. e4 c6 2. d4 d5 3. e5 Bf5 4. Nf3 e6 5. Be2 Bb4+ 6. c3 Ba5 7. Qb3 Qb6 8. O-O
Nd7 9. Nh4 Bxb1 10. Rxb1 Qxb3 11. axb3 Bb6 12. b4 Ne7 13. Kh1 O-O 14. b3 a5 15.
bxa5 Rxa5 16. b4 Ra2 17. Bb2 Bc7 18. f4 Nb6 19. Bd3 Rfa8 20. Kg1 Nc4 21. Rf2 g6
22. g4 Nxb2 23. Rfxb2 Rxb2 24. Rxb2 Ra3 25. Rc2 Nc8 26. Kf2 Nb6 27. Ke2 Na4 28.
Kd2 Bd8 29. Nf3 Be7 30. f5 Nxc3 31. fxe6 fxe6 32. Ke3 Na2 33. b5 Nb4 34. Rd2 c5
35. dxc5 Bxc5+ 36. Ke2 Na2 37. Rc2 Nc3+ 38. Kd2 Be7 39. Nd4 Bg5+ 40. Ke1 Be3
41. Nxe6 Ra1+ 0-1

[Event "CAN-ch"]
[Site "Kingston CAN"]
[Date "2019.04.22"]
[Round "9.11"]
[White "Rusonik, Max"]
[Black "Yao, Houji"]
[Result "1/2-1/2"]
[WhiteElo "1900"]
[BlackElo "2018"]
[PlyCount "97"]
[EventDate "2019.04.18"]
[EventType "swiss"]
[EventRounds "9"]
[EventCountry "CAN"]

1. e4 c5 2. Nf3 e6 3. d4 cxd4 4. Nxd4 Nc6 5. Nb5 d6 6. c4 Nf6 7. N1c3 a6 8. Na3
Be7 9. Be2 O-O 10. Be3 Qc7 11. O-O b6 12. Rc1 Ne5 13. f4 Ng6 14. Qb3 Rb8 15.
Nab1 Bb7 16. Nd2 Nd7 17. a3 Rbc8 18. Qc2 Qb8 19. g3 Rfd8 20. Bf3 Nf6 21. Qb3
Nd7 22. Qa2 Bf6 23. Rfd1 Ba8 24. b4 b5 25. cxb5 Rxc3 26. Rxc3 Bxc3 27. bxa6 Nf6
28. Nb1 Bxe4 29. Bxe4 Nxe4 30. Qc2 Qa8 31. Nxc3 Nxc3 32. Qxc3 Qxa6 33. Qc7 Rf8
34. Qxd6 Qxa3 35. Bc5 Ra8 36. b5 Qf3 37. Rc1 Rc8 38. b6 h5 39. Qd2 h4 40. Bf2
Rb8 41. Qd1 Qe4 42. Qc2 Qa8 43. f5 Ne5 44. fxe6 Nf3+ 45. Kf1 Nxh2+ 46. Kg1 Nf3+
47. Kf1 Nh2+ 48. Kg1 Nf3+ 49. Kf1 1/2-1/2